000 00663nam a2200217 a 4500
001 000000912
005 20200929145433.0
008 090609s1988 ag 000 0 spa d
020 _a9501508633
020 _a9789501508635
040 _aDO-SdBNP
_bspa
_cBNPHU
082 _a813.54
_bB122u
100 1 _aBach, Richard,
_d1936-
_93225
245 1 0 _aUno /
_cRichard Bach ; traducción Edith Zilli.
260 _aBuenos Aires :
_bJavier Vergara Editor,
_c1988.
300 _a268 p. ;
_c22 cm.
500 _aTítulo original en inglés: One
650 4 _aNovela norteamericana
_93226
650 4 _aLiteratura norteamericana
_93227
700 1 _aZilli, Edith,
_etr.
_93228
999 _c903
_d903